| 000 | 00493nam a2200181Ia 4500 | ||
|---|---|---|---|
| 003 | GCL | ||
| 008 | 140319s9999 xx 000 0 ara d | ||
| 040 |
_aGCL / _cGCL |
||
| 082 | 0 | 4 |
_a895.1 _bن ق |
| 100 | 1 | _aنجاتى صدقى | |
| 245 | 1 | 0 |
_aقصص مختاره من الادب الصينى / _cنجاتى صدقى |
| 300 | _a88 ص | ||
| 490 | _a | ||
| 650 | 0 | 4 | _aالقصص الشعبية |
| 650 | 0 | 4 | _aالادب الصينى |
| 650 | 0 | 4 | _aالقصص الصينية |
| 942 |
_2ddc _cBK |
||
| 999 |
_c38108 _d38108 |
||